Every Song by Royal Blood - Statistics

General Stats
  • This quiz has been taken 21 times
  • The average score is 31 of 54
Answer Stats
Album Song % Correct
How Did We Get So Dark?(2017) How Did We Get So Dark?
100%
Royal Blood(2014) Out of the Black
100%
Typhoons(2021) Typhoons
100%
Typhoons(2021) Boilermaker
88%
Royal Blood(2014) Come on Over
88%
Royal Blood(2014) Figure It Out
88%
How Did We Get So Dark?(2017) Lights Out
75%
Royal Blood(2014) Little Monster
75%
How Did We Get So Dark?(2017) Sleep
75%
Royal Blood(2014) Ten Tonne Skeleton
75%
Typhoons(2021) Trouble's Coming
75%
Royal Blood(2014) Blood Hands
69%
Royal Blood(2014) Loose Change
69%
Back to the Water Below(2023) Mountains at Midnight
69%
Typhoons(2021) Oblivion
69%
Royal Blood(Bonus)(2024) Sleeptalker
69%
Out of the Black(2014) Hole
63%
Royal Blood(Bonus)(2014) Love and Leave It Alone
63%
Typhoons(2021) Mad Visions
63%
Back to the Water Below(2023) Pull Me Through
63%
Back to the Water Below(2023) Shiner in the Dark
63%
Back to the Water Below(Bonus)(2023) Supermodel Avalanches
63%
Typhoons(2021) All We Have Is Now
56%
Royal Blood(2014) Better Strangers
56%
How Did We Get So Dark?(2017) Don't Tell
56%
Typhoons(2021) Hold On
56%
How Did We Get So Dark?(2017) Hook, Line & Sinker
56%
Typhoons(2021) Limbo
56%
Royal Blood(Bonus)(2024) One Trick Pony
56%
Back to the Water Below(2023) Waves
56%
Back to the Water Below(2023) How Many More Times
50%
Typhoons(Bonus)(2021) King
50%
How Did We Get So Dark?(2017) She's Creeping
50%
Typhoons(Bonus)(2021) Space
50%
Back to the Water Below(2023) Tell Me When It's Too Late
50%
Back to the Water Below(2023) The Firing Line
50%
How Did We Get So Dark?(2017) Where Are You Now?
50%
Royal Blood(2014) You Can Be So Cruel
50%
Royal Blood(Bonus)(2014) You Want Me
50%
Royal Blood(2014) Careless
44%
Typhoons(2021) Either You Want It
44%
Back to the Water Below(Bonus)(2023) Everything's Fine
44%
Back to the Water Below(2023) High Waters
44%
How Did We Get So Dark?(2017) Hole in Your Heart
44%
Back to the Water Below(Bonus)(2023) Honeybrains
44%
How Did We Get So Dark?(2017) I Only Lie When I Love You
44%
How Did We Get So Dark?(2017) Look Like You Know
44%
Back to the Water Below(2023) There Goes My Cool
44%
Back to the Water Below(2023) Triggers
44%
Typhoons(2021) Million and One
38%
Typhoons(2021) Who Needs Friends
38%
How Did We Get So Dark?(Bonus)(2017) Cheap Affection
31%
How Did We Get So Dark?(Bonus)(2017) Half the Chance
31%
Out of the Black(2014) Length
6%
No matching quizzes found
Score Distribution
Percent of People with Each Score
Percentile by Number Answered
Your Score History
You have not taken this quiz